Manual del manejo de la basura : una guía paso a paso /

Contiene: Introducción; El problema del manejo de la basura; Métodos modernos del manejo de la basura; El manejo de los desechos en casa; Centros de acopio.

Gespeichert in:
Bibliographische Detailangaben
1. Verfasser: Lesur, Luis (coordinación)
Format: Buch
Sprache:Spanisch
Veröffentlicht: México : Trillas, 2001, c1998
Schriftenreihe:(Cómo Hacer Bien y Fácilmente)
Schlagworte:
Tags: Tag hinzufügen
Keine Tags, Fügen Sie das erste Tag hinzu!

MARC

LEADER 00000nam^a2200000^a^4500
001 000129742
005 20250521000000.0
009 20260310094923.883
020 |a 968-24-3499-8 
037 |a Acervo ITESO - Biblioteca 
041 |a ESP 
082 |a 628. 44  |b LES 
100 |a Lesur, Luis  |e (coordinación) 
245 1 0 |a Manual del manejo de la basura :  |b una guía paso a paso /  |c Coord. de L. Lesur. 
264 4 |a México :  |b Trillas,  |c 2001, c1998 
300 |a 96 p. 
336 |a texto  |b txt  |2 rdacontenido 
337 |a sin mediación  |b n  |2 rdamedio 
338 |a volumen  |b nc  |2 rdasoporte 
440 1 |a (Cómo Hacer Bien y Fácilmente) 
520 |a Contiene: Introducción; El problema del manejo de la basura; Métodos modernos del manejo de la basura; El manejo de los desechos en casa; Centros de acopio. 
649 |a XX 
650 |a Basura -  |x Tratamiento y Reciclaje 
650 |a Ingeniería Sanitaria 
650 |a Ingeniería Ambiental 
910 |a Fondo General 
920 |a Impresos - Libros 
930 |a Colección General 
905 |a 101 
901 |a 0500060163  |b IT1  |c ACC  |u 20250521 
902 |a https://opac.biblio.iteso.mx/vufind/Record/000129742